000 00809cab a2200253 4500
001 WB3439-38
008 090401t1998 xxu||||| |||| 00| 0 eng d
035 _a(Sirsi) u88988
041 _aeng
245 _aBurden of rates lifted from stately homes
260 _c1998
350 _a0
490 _aTimes
_v14 October 1998, 3
490 _aDaily Telegraph
_v14 October 1998, 8(2)
520 _aThe Court of Appeal has decided that stately homes open to the public should be zero-rated for business rates. The National Trust has been bidding for this result since 1990.
650 _aBUSINESS RATES
650 _aCOURT OF APPEAL
650 _aHISTORIC HOUSES
650 _aNATIONAL TRUST
650 _aSTATELY HOMES
690 _aPROPERTY LAW AND PRACTICE
942 _n0
948 _c14/10/1998
999 _c56272
_d56272